Programming languages: history and fundamentals
Guardado en:
| Autor principal: | |
|---|---|
| Formato: | Libro |
| Lenguaje: | inglés |
| Publicado: |
Englewood Cliffs
Prentice-Hall
1969
|
| Colección: | Series in Automatic Computation
|
| Materias: | |
| Etiquetas: |
Agregar Etiqueta
Sin Etiquetas, Sea el primero en etiquetar este registro!
|
MARC
| LEADER | 00000nam a2200000 a 4500 | ||
|---|---|---|---|
| 001 | UCV5551 | ||
| 003 | CL-VaPUC | ||
| 008 | 900821e19690000US |||||||||||||||||eng|d | ||
| 082 | 0 | 4 | |a 005.133 |b SAM |2 21 |
| 100 | 0 | |a Sammet, Jean E |e author |9 299868 | |
| 245 | 1 | 0 | |a Programming languages: history and fundamentals |
| 300 | |a 785 p | ||
| 942 | |c BK | ||
| 945 | |d 19900821 00:00:00 | ||
| 260 | |a Englewood Cliffs |b Prentice-Hall |c 1969 | ||
| 650 | 0 | |a Lenguajes de programación |9 259458 | |
| 650 | 7 | |a COMPUTADORES ELECTRONICOS |2 CL-VaPUC |9 259530 | |
| 583 | |a last modification |c 20120516 11:17:20 |k Rodrigo Vera | ||
| 490 | 0 | |a Series in Automatic Computation | |
| 999 | |c 212035 |d 212033 | ||
| 952 | |0 0 |1 0 |4 0 |6 005_133000000000000_SAM_1969 |7 0 |8 A |9 192337 |a BIBING |b BIBING |d 2019-11-14 |i 2597675 |o 005.133 SAM 1969 |p 2597675 |r 2025-01-20 |w 2019-11-14 |y BK |k CCI | ||